000 00252nam a22001097a 4500
082 _a539.7 PEA'E
100 _aPEASLEE' D.C
_959681
245 _aELEMENTS OF ATOMIC PHYSICS
260 _aNEW JERSEY
_bPRENTICE HALL
_c1955
300 _a394P
942 _cBK
999 _c569600
_d569600